Every Capped Scotland Rugby Player - Statistics

General Stats
  • This quiz has been taken 34 times
  • The average score is 293 of 1231
Answer Stats
Hint Answer % Correct
1056 Finn Russell
96%
1076 Huw Jones
96%
1024 Lee Jones
96%
877 Peter Jones
96%
1129 Ben White
86%
1210 Bruce White
86%
827 Derek White
86%
715 Donald White
86%
943 Jason White
86%
148 Tom White
86%
859 Chris Gray
82%
806 David Gray
82%
514 Gordon Gray
82%
1050 Jonny Gray
82%
1018 Richie Gray
82%
938 Robbie Russell
82%
984 Scott Gray
82%
608 Tommy Gray
82%
279 William Russell
82%
452 Alex Brown
79%
194 Allan Smith
79%
766 Arthur Brown
79%
671 Arthur Smith
79%
459 Charlie Brown
79%
961 Craig Smith
79%
1098 Darcy Graham
79%
486 David Brown
79%
635 David Gilbert-Smith
79%
595 Doug Smith
79%
82 Errol Smith
79%
1049 Fraser Brown
79%
1102 Gary Graham
79%
864 George Buchanan-Smith
79%
918 George Graham
79%
758 Gordon Brown
79%
1221 Gregor Brown
79%
61 Gussie Graham
79%
195 Harry Smith
79%
550 Ian Graham
79%
875 Ian R. Smith
79%
760 Ian S. G. Smith
79%
425 Ian S. Smith
79%
293 J.A. Brown
79%
438 Jimmie Graham
79%
80 John Blair Brown
79%
990 Kelly Brown
79%
682 Ken Smith
79%
761 Mike Smith
79%
1134 Ollie Smith
79%
720 Peter Brown
79%
1227 Robbie Smith
79%
455 Robert Smith
79%
71 Stewart Henry Smith
79%
458 Thomas Gow Brown
79%
1031 Tom Brown
79%
832 | 911 Tom Smith
79%
2 William Brown
79%
85 William Sorley Brown
79%
205 Alex Laidlaw
75%
1171 Bruce Laidlaw
75%
1110 Duhan van der Merwe
75%
727 Frank Laidlaw
75%
1019 Greig Laidlaw
75%
1096 Matt Fagerson
75%
817 Roy Laidlaw
75%
1074 Zander Fagerson
75%
1094 Adam Hastings
71%
200 Davie Patterson
71%
897 Derrick Patterson
71%
847 Gavin Hastings
71%
848 Scott Hastings
71%
977 Ally Hogg
68%
878 Carl Hogg
68%
804 Graham Hogg
68%
344 John Will
68%
1025 Stuart Hogg
68%
502 David Thom
64%
378 George Thom
64%
1163 Jake Thom
64%
492 Jim Thom
64%
1017 Alan MacDonald
61%
888 Andrew MacDonald
61%
584 Charlie McDonald
61%
640 Donald Macdonald
61%
799 Don Macdonald
61%
1228 Ewan Johnson
61%
754 Gordon Macdonald
61%
257 Jimmy MacDonald
61%
327 | 733 John MacDonald
61%
675 Keith Macdonald
61%
604 Ranald Macdonald
61%
1100 Sam Johnson
61%
1176 Stuart Johnson
61%
152 William Macdonald
61%
1156 Alec Elliot Murray
57%
208 Alec Robertson
57%
19 Alexander Robertson
57%
586 Bill Black
57%
924 Cammie Murray
57%
1085 Chris Harris
57%
178 David Robertson
57%
1149 Dennis Arthur Roberts
57%
57 Duncan Robertson
57%
993 Euan Murray
57%
396 George Murray
57%
540 George Roberts
57%
554 Gus Black
57%
1064 Hamish Watson
57%
520 Hugh Murray
57%
312 | 749 Ian Robertson
57%
299 James Robertson
57%
1213 John Robertson
57%
842 Keith Murray
57%
809 Keith Robertson
57%
300 Lewis Robertson
57%
685 Mike Robertson
57%
1119 Pierre Schoeman
57%
343 Robert Robertson
57%
510 Ronald Murray
57%
916 Scott Murray
57%
376 William Murray
57%
785 Bill Watson
54%
66 David Watson
54%
868 Doddie Weir
54%
18 | 484 George Ritchie
54%
1205 George Watson
54%
1150 James Michael Blair
54%
491 James Ritchie
54%
1093 Jamie Ritchie
54%
958 Mike Blair
54%
348 Patrick Blair
54%
305 Robert Lindsay-Watson
54%
271 William Ritchie
54%
190 Alexander Anderson
50%
473 Alfred Wilson
50%
994 Andy Wilson
50%
620 Bob Taylor
50%
618 Bob Wilson
50%
940 Chris Paterson
50%
156 Darsie Anderson
50%
759 Duncan Paterson
50%
1045 Duncan Taylor
50%
1027 Duncan Weir
50%
441 Edward Taylor
50%
571 Ernie Anderson
50%
1097 George Horne
50%
64 George Paterson
50%
135 George Wilson
50%
1188 Grant Wilson
50%
886 Gregor Townsend
50%
596 Gully Wilson
50%
1219 Harry Paterson
50%
474 James Wilson
50%
639 Jock King
50%
21 | 1166 John Anderson
50%
648 John Howard Wilson
50%
431 John Paterson
50%
297 John Wilson
50%
1168 Kenneth Wilson
50%
1043 Peter Horne
50%
39 Robert Wilson
50%
796 Ron Wilson
50%
1130 Rory Darge
50%
1124 Ross Thompson
50%
1038 Ryan Wilson
50%
952 Simon Taylor
50%
723 Stewart Wilson
50%
101 Thomas Anderson
50%
1197 Willie Anderson
50%
953 Andrew Henderson
46%
718 Brian Henderson
46%
1140 Cameron Henderson
46%
638 Chick Henderson
46%
1214 Craig Williamson
46%
468 Drummond Ford
46%
227 Frederick Henderson
46%
551 Ian Henderson
46%
333 James Henderson
46%
182 Jim Ford
46%
1160 Jim Henderson
46%
488 Mac Henderson
46%
524 Maurice Henderson
46%
1220 Max Williamson
46%
171 Nelson Henderson
46%
426 Robert Henderson
46%
386 Ronald Cumming
46%
986 Ross Ford
46%
1071 WP Nel
46%
772 Alan Lawson
43%
1116 Alex Craig
43%
959 Andy Craig
43%
48 Arthur Young
43%
359 David Donald
43%
607 Donald Scott
43%
725 Douglas Jackson
43%
325 | 370 Eric Young
43%
324 Frederick Turner
43%
1086 George Turner
43%
1135 Glen Young
43%
562 Graeme Jackson
43%
1039 Grant Gilchrist
43%
609 Hamish Scott
43%
914 James Craig
43%
627 James Davidson
43%
428 James Gilchrist
43%
453 Jock Beattie
43%
692 Jock Davidson
43%
292 Jock Scott
43%
734 Jock Turner
43%
1004 John Barclay
43%
814 John Beattie
43%
545 John Craig
43%
33 John Davidson
43%
997 Johnnie Beattie
43%
1178 Julian Scott
43%
432 Jumbo Scott
43%
489 Kenneth Jackson
43%
882 Martin Scott
43%
1028 Matt Scott
43%
1195 Robb Scott
43%
215 Robert Scott
43%
762 Robert Young
43%
184 Roger Davidson
43%
1001 Rory Lawson
43%
944 Ross Beattie
43%
1020 Ruaridh Jackson
43%
392 Russell Donald
43%
991 Scott Lawson
43%
1179 Simon Scott
43%
1120 Sione Tuipulotu
43%
949 Steve Scott
43%
185 | 201 Tom Scott
43%
231 William Scott
43%
530 William Young
43%
850 Alan Tait
39%
834 Alister Campbell
39%
1091 Blair Kinghorn
39%
398 Cecil MacKenzie
39%
131 Charles Milne
39%
308 Charles Stuart
39%
1103 D'Arcy Rae
39%
699 David Edwards
39%
570 David Mackenzie
39%
869 David Milne
39%
552 Donald MacKenzie
39%
400 Doug Davies
39%
1128 Dylan Richardson
39%
379 Eric MacKay
39%
169 George Campbell
39%
839 Gregor MacKenzie
39%
123 Henry Evans
39%
572 Howard Campbell
39%
812 Iain Milne
39%
500 Jack Park
39%
74 James Campbell
39%
277 James Moir Mackenzie
39%
898 Jeremy Richardson
39%
229 John Campbell
39%
88 John Guthrie Tait
39%
811 John Rutherford
39%
861 Kenny Milne
39%
895 Kevin McKenzie
39%
415 Ludovic Stuart
39%
1011 Max Evans
39%
872 Neil Edwards
39%
674 Nim Campbell
39%
1230 Patrick Harrison
39%
513 Peter Tait
39%
68 Robert MacKenzie
39%
1161 Rod MacKenzie
39%
899 Stewart Campbell
39%
1009 Thom Evans
39%
1206 Wat Davies
39%
262 William Milne
39%
235 Alexander Duncan
36%
46 Alexander Stewart
36%
966 Andrew Hall
36%
360 Andrew Hamilton
36%
776 Andy Irvine
36%
364 Archibald Stewart
36%
907 Barry Stewart
36%
352 Bill Stewart
36%
712 Bob Steven
36%
889 Bryan Redpath
36%
11 Bulldog Irvine
36%
1114 Cameron Redpath
36%
496 Charles Dick
36%
87 Charles Stewart
36%
698 Charlie Stewart
36%
983 Craig Hamilton
36%
1196 Craig Redpath
36%
372 Denoon Duncan
36%
475 Donald Crichton-Miller
36%
1212 Donald McLeod
36%
974 Dougie Hall
36%
75 Duncan Irvine
36%
133 Duncan MacLeod
36%
901 Eric Peters
36%
1125 Ewan Ashman
36%
652 Ewen Fergusson
36%
844 Finlay Calder
36%
485 Francis Wright
36%
77 George Macleod
36%
1107 Grant Stewart
36%
654 Hugh McLeod
36%
189 Hugh Wright
36%
1136 Jack Dempsey
36%
463 Jack Stewart
36%
823 Jim Calder
36%
1000 Jim Hamilton
36%
448 Jimmy Ferguson
36%
771 Jim Renwick
36%
397 Jock Stewart
36%
278 Kenneth Macleod
36%
456 Kenneth Wright
36%
1109 Kyle Steyn
36%
774 Lewis Dick
36%
260 Lewis Macleod
36%
865 Lindsay Renwick
36%
1087 Luke Hamilton
36%
144 Macbeth Duncan
36%
480 Mark Stewart
36%
846 Matt Duncan
36%
909 Mattie Stewart
36%
41 Montgomerie Hamilton
36%
684 Norman Bruce
36%
840 Peter Steven
36%
879 Peter Wright
36%
579 Robert Bruce
36%
825 Roger Baird
36%
779 Ronald Wright
36%
555 Russell Bruce
36%
985 Scott MacLeod
36%
336 Stephen Steyn
36%
1192 Steve Ferguson
36%
599 Steven Wright
36%
585 Thomas Wright
36%
1231 Tom Jordan
36%
124 Walter Irvine
36%
443 William Ferguson
36%
130 William MacLeod
36%
543 William Renwick
36%
891 Alan Sharp
32%
472 Alexander Walker
32%
1079 Ali Price
32%
1191 Ally Donaldson
32%
855 Andrew Ker
32%
95 Archibald Walker
32%
180 Bill Donaldson
32%
402 Bill Johnston
32%
619 Bob Gordon
32%
145 Charles Fraser
32%
803 Colin Deans
32%
339 Colin Hill
32%
858 Craig Chalmers
32%
854 Damian Cronin
32%
1115 Dave Cherry
32%
787 David Bell
32%
813 David Johnston
32%
412 David Kerr
32%
789 David Leslie
32%
849 David Sole
32%
748 Derek Deans
32%
1218 Elliot Millar-Mills
32%
856 Gary Armstrong
32%
970 Gavin Kerr
32%
210 Graham Kerr
32%
697 Gregor Sharp
32%
67 Henry Halcro Johnston
32%
136 Hugh Ker
32%
1101 Jake Kerr
32%
97 James Fraser
32%
515 James Kerr
32%
310 James Reid Kerr
32%
107 James Walker
32%
624 Jimmie Johnston
32%
234 John Bell
32%
55 John Gordon
32%
838 John Jeffrey
32%
930 John Leslie
32%
416 Johnnie Wallace
32%
509 Johnny Johnston
32%
233 Lewis Bell
32%
933 Martin Leslie
32%
632 Mike Walker
32%
1137 Murphy Walker
32%
908 Murray Wallace
32%
1225 Nathan McBeth
32%
969 Nikki Walker
32%
829 Rick Gordon
32%
349 Roland Gordon
32%
960 Rory Kerr
32%
989 Rory Lamont
32%
1075 Rory Sutherland
32%
320 Rowland Fraser
32%
1104 Scott Cummings
32%
980 Sean Lamont
32%
1068 Stuart McInally
32%
4 Thomas Chalmers
32%
650 Walter Kerr
32%
315 Walter Sutherland
32%
358 William Wallace
32%
795 Alan Tomes
29%
1057 Alex Allan
29%
867 Alex Moore
29%
597 Alex Thomson
29%
5 Alfred Clunies-Ross
29%
390 Alpin Thomson
29%
268 | 328 | 421 Andrew Ross
29%
874 Andy Nicol
29%
816 Bill Cuthbertson
29%
1106 Blade Thomson
29%
770 Bobby Clark
29%
642 Bruce Thomson
29%
90 Bryce Allan
29%
92 Charles Reid
29%
751 Colin Telfer
29%
979 Dan Parks
29%
853 Derek Turnbull
29%
922 Derrick Lee
29%
752 Dick Allan
29%
319 Donald Macpherson
29%
261 Edward Ross
29%
826 Eric Paxton
29%
1003 Fergus Thomson
29%
120 Gardyne Maitland
29%
1203 George Telfer
29%
204 | 1204 George Turnbull
29%
1055 Gordon Reid
29%
955 Gordon Ross
29%
660 Graham Ross
29%
30 Henry William Allan
29%
824 Iain Paxton
29%
616 Iain Ross
29%
777 Ian McGeechan
29%
621 Ian Thomson
29%
1022 Jack Cuthbert
29%
1113 Jaco van der Walt
29%
45 | 214 James Reid
29%
1122 Jamie Dobie
29%
430 Jimmy Nelson
29%
239 Jimmy Ross
29%
670 Jim Nichol
29%
722 Jim Telfer
29%
440 Jock Allan
29%
680 | 866 John Allan
29%
20 J. S. Thomson
29%
881 Kenny Logan
29%
708 Ken Ross
29%
625 Les Allan
29%
114 Marshall Reid
29%
380 Neil McPherson
29%
617 Oliver Turnbull
29%
862 Paul Burnell
29%
405 Phil Macpherson
29%
241 Phipps Turnbull
29%
26 Reginald Maitland
29%
98 Robert Maitland
29%
956 Roland Reid
29%
702 Ronnie Thomson
29%
477 Ross Logan
29%
896 Scott Nichol
29%
1037 Sean Maitland
29%
904 Stuart Reid
29%
217 Thomas Nelson
29%
863 Tony Stanger
29%
529 William Ross
29%
222 | 289 William Thomson
29%
950 Alan Bulloch
25%
870 Alan Watt
25%
757 Alastair Biggar
25%
155 Alexander Aitken
25%
122 Alexander Stephen
25%
322 Alexander Stevenson
25%
406 Andrew Stevenson
25%
884 Andy Reed
25%
1223 Arron Reed
25%
52 Arthur Finlay
25%
721 Billy Hunter
25%
807 Bob Cunningham
25%
967 Bruce Douglas
25%
912 Cameron Glasgow
25%
976 Chris Cusiter
25%
781 Dougie Morgan
25%
575 Duncan McLean
25%
516 Duncan Shaw
25%
1145 Eric Hunter
25%
833 Euan Kennedy
25%
1143 Ewan Douglas
25%
375 Finlay Kennedy
25%
104 Frank Hunter
25%
1012 Geoff Cross
25%
423 George Aitken
25%
294 George Cunningham
25%
393 George Douglas
25%
793 George Mackie
25%
741 George Mitchell
25%
677 George Stevenson
25%
920 Gordon Bulloch
25%
835 Gordon Hunter
25%
121 Gordon Mitchell
25%
567 Gordon Watt
25%
394 Hamish Shaw
25%
146 Henry Stevenson
25%
1187 Hugh Parker
25%
532 Ian Shaw
25%
9 James Finlay
25%
797 Jim Aitken
25%
385 Jimmy Carmichael
25%
707 John Douglas
25%
561 John Hunter
25%
254 Leonard West
25%
1095 Lewis Carmichael
25%
147 Louis Stevenson
25%
50 Malcolm Cross
25%
1155 Matthew Kennedy
25%
786 Michael Hunter
25%
788 Mike Biggar
25%
1006 Nick De Luca
25%
53 Ninian Finlay
25%
251 Norman Kennedy
25%
892 Peter Walton
25%
568 Richard Aitkin
25%
1199 Richie Dixon
25%
590 Robert Finlay
25%
313 Robert Stevenson
25%
876 Rob Wainwright
25%
744 Rodger Arneil
25%
206 Ronald Stevenson
25%
711 Ron Glasgow
25%
1184 Ruari Maclean
25%
1118 Rufus McLean
25%
736 Sandy Carmichael
25%
7 William Cross
25%
433 William Stevenson
25%
501 Wilson Shaw
25%
963 Allan Jacobsen
21%
266 Andrew Little
21%
1131 Andy Christie
21%
576 Billy Munro
21%
792 Bruce Hay
21%
750 Chris Rea
21%
111 David McFarlan
21%
885 Derek Stark
21%
913 Duncan Hodge
21%
242 Francis Dods
21%
928 Glenn Metcalfe
21%
808 Gordon Dickson
21%
929 Gordon Simpson
21%
935 Graeme Burns
21%
982 Graeme Morrison
21%
910 Graham Ellis
21%
1059 Grayson Hart
21%
646 Gurth Hoyer-Millar
21%
296 Hugh Martin
21%
981 Hugo Southwell
21%
883 Iain Morrison
21%
755 Ian McLauchlan
21%
153 James Marsh
21%
1084 Jamie Bhatti
21%
903 Jim Hay
21%
192 John Dods
21%
623 John Hart
21%
483 John MacArthur
21%
655 John Marshall
21%
170 John Millar
21%
183 John Simpson
21%
951 Jon Steel
21%
1126 Josh Bayliss
21%
218 Lawrence Harvey
21%
199 Mark Morrison
21%
269 Maurice Dickson
21%
893 Michael Dods
21%
948 Nathan Hines
21%
1041 Pat MacArthur
21%
267 Pat Munro
21%
831 Peter Dods
21%
132 Reggie Morrison
21%
942 Richard Metcalfe
21%
427 Robert Millar
21%
17 Robert Munro
21%
417 Robert Simpson
21%
1070 Rory Hughes
21%
1099 Sam Skinner
21%
890 Shade Munro
21%
1139 Stafford McDowall
21%
818 Steve Munro
21%
919 Stuart Grimes
21%
467 Thomas Hart
21%
337 Walter Dickson
21%
704 Walter Hart
21%
228 William Morrison
21%
629 Adam Fulton
18%
1005 Alasdair Dickinson
18%
1002 Alasdair Strokosch
18%
794 Alastair Cranston
18%
746 Alastair McHarg
18%
1141 Alexander Buchanan
18%
471 Alexander McLaren
18%
40 Alexander Wood
18%
798 Alex Brewster
18%
1040 Alex Dunbar
18%
49 Allan Arthur
18%
3 Angus Buchanan
18%
56 Arthur Marshall
18%
1138 Ben Healy
18%
495 Bill Burnet
18%
346 Billy Burnet
18%
756 Billy Steele
18%
932 Budge Pountney
18%
330 Carl Ogilvy
18%
203 Charles Fleming
18%
1174 Colin Mair
18%
900 Dave Hilton
18%
1023 David Denton
18%
63 David Lang
18%
726 Derrick Grant
18%
476 Doddie Wood
18%
326 Donald Grant
18%
841 Douglas Wyllie
18%
527 Duncan Macrae
18%
290 Duncan McGregor
18%
23 Edward Bannerman
18%
1154 Eric Grant
18%
656 Ernest Michie
18%
311 Fletcher Buchanan
18%
836 Gary Callander
18%
54 George Raphael Fleming
18%
830 Gerry McGuinness
18%
926 Gordon McIlwham
18%
769 Gordon Strachan
18%
683 Gordon Waddell
18%
857 Graham Marshall
18%
161 Gregor MacGregor
18%
422 Herbert Waddell
18%
887 Ian Jardine
18%
673 Ian MacGregor
18%
369 Ian Moffat-Pender
18%
843 Iwan Tukalo
18%
1092 James Lang
18%
937 James McLaren
18%
845 Jeremy Campbell-Lamerton
18%
574 Jimmy Lees
18%
828 Jim Pollock
18%
403 Jock Lawrie
18%
1 John Arthur
18%
384 John Bannerman
18%
391 John Buchanan
18%
1167 John Kirk
18%
306 John McGregor
18%
988 Jon Dunbar
18%
819 Kenneth Lawrie
18%
499 Kenneth Marshall
18%
679 Ken Scotland
18%
1133 Kyle Rowe
18%
580 Leslie Currie
18%
1078 Magnus Bradbury
18%
965 Marcus Di Rollo
18%
1224 Matt Currie
18%
134 Matthew McEwan
18%
664 Micky Grant
18%
705 Mike Campbell-Lamerton
18%
764 Nairn MacEwan
18%
614 Norman Mair
18%
801 Norman Pender
18%
821 Norrie Rowan
18%
700 Oliver Grant
18%
703 Pat Burnet
18%
852 Richard Cramb
18%
998 Rob Dewey
18%
653 Robert MacEwen
18%
1034 Rob Harley
18%
906 Ronnie Eriksson
18%
1105 Rory Hutchinson
18%
905 Rowen Shepherd
18%
1030 Ryan Grant
18%
1112 Scott Steele
18%
860 Sean Lineen
18%
972 Simon Danielli
18%
936 Steve Brotherstone
18%
1044 Steven Lawrie
18%
413 Ted McLaren
18%
14 Thomas Marshall
18%
167 William Gibson
18%
34 William Grant
18%
27 William Marshall
18%
187 Willie McEwan
18%
987 Alastair Kellock
14%
141 Alec Cameron
14%
709 Alexander Hastie
14%
610 Allan Cameron
14%
587 Angus Cameron
14%
537 Archibald Drummond
14%
1170 Arthur Orr
14%
962 Ben Hinshelwood
14%
800 Bill Gammell
14%
603 Bob Gemmill
14%
820 Bryan Gossman
14%
117 Charles Berry
14%
139 Charles Orr
14%
558 Charlie Drummond
14%
420 Chris Mackintosh
14%
688 Christopher Elliot
14%
894 Craig Joiner
14%
644 Donald Cameron
14%
559 Doug Elliot
14%
404 Eric Liddell
14%
871 Graham Shiel
14%
851 Greig Oliver
14%
454 Hugh MacKintosh
14%
253 Hugh Orr
14%
934 Iain Fairley
14%
775 Ian Forsyth
14%
665 Ian Hastie
14%
162 Ian MacIntyre
14%
158 Jack Orr
14%
815 James Burnett
14%
931 Jamie Mayer
14%
1162 J. B. Nicholls
14%
822 Jimmy Gossman
14%
1021 Joe Ansbro
14%
539 John Hastie
14%
566 John Henry Orr
14%
341 John Hume
14%
13 John Lisle Hall McFarlane
14%
902 John Manson
14%
450 Jo Hume
14%
418 Kelvin Hendrie
14%
763 Ken Oliver
14%
589 Logie Bruce Lockhart
14%
517 Mac Cooper
14%
1062 Mark Bennett
14%
193 Mattha Elliot
14%
927 Matt Proudfoot
14%
633 Neil Cameron
14%
531 Rab Bruce Lockhart
14%
1007 Ross Rennie
14%
353 Rufus Bruce Lockhart
14%
732 Sandy Hinshelwood
14%
837 Sean McGaughey
14%
1080 Simon Berghan
14%
921 Simon Holmes
14%
1185 Stewart McAslan
14%
176 Thomas Hendry
14%
1032 Tim Visser
14%
272 | 668 Tom Elliot
14%
743 Tommy Elliot
14%
1061 Tyrone Holmes
14%
108 William Andrew Walls
14%
10 William Forsyth
14%
309 Alexander Moodie
11%
1077 Allan Dell
11%
318 Andrew Lindsay
11%
361 Arthur Laing
11%
565 Bill MacLennan
11%
437 Bill Simmers
11%
1054 Blair Cowan
11%
957 Brendan Laney
11%
728 Brian Simmers
11%
32 Charles Chalmers Bryce
11%
716 Colin Blaikie
11%
1207 Colin Galbraith
11%
941 Craig Moir
11%
340 Dave Howie
11%
873 Dave McIvor
11%
1183 David Butcher
11%
138 David Morton
11%
605 Douglas Muir
11%
464 Frank Waters
11%
115 George Lindsay
11%
165 George Neilson
11%
747 Gordon Connell
11%
191 Gordon Neilson
11%
915 Grant McKelvey
11%
782 Hamish Bryce
11%
581 Hamish Dawson
11%
481 Harry Hutton
11%
451 Harry Lind
11%
264 Hugh Fletcher
11%
1182 Ian Ramsey
11%
51 James Dunlop
11%
469 James Hutton
11%
493 Jock Waters
11%
78 John Alexander Neilson
11%
1069 John Hardie
11%
109 John Jamieson
11%
188 John Rogerson
11%
1029 Jon Welsh
11%
263 Joseph Waters
11%
1073 Josh Strauss
11%
641 Keith McMillan
11%
1058 Kevin Bryce
11%
519 Laurie Duff
11%
285 Maurie Walter
11%
1142 Morris Dewar
11%
1147 Neil William Ramsay
11%
659 Pat MacLachlan
11%
992 Phil Godman
11%
767 Quintin Dunlop
11%
523 Rob Barrie
11%
419 Robert Howie
11%
445 Robert Kelly
11%
137 Robert MacMillan
11%
213 Robert Neilson
11%
196 Robin Welsh
11%
737 Rob Welsh
11%
706 Ron Cowan
11%
1063 Sam Hidalgo-Clyne
11%
414 Sammy McQueen
11%
975 Simon Webster
11%
1144 Stanley Harper
11%
1047 Tommy Seymour
11%
44 Tom Paterson Neilson
11%
232 William Halliday Welsh
11%
407 Willie Bryce
11%
166 Willie Neilson
11%
447 Willie Welsh
11%
657 Adam Robson
7%
917 Adam Roxburgh
7%
735 Alasdair Boyle
7%
36 Alexander Petrie
7%
541 Allan Roy
7%
363 Allen Sloan
7%
197 Andrew Balfour
7%
329 Andrew Greig
7%
954 Andrew Mower
7%
382 Arthur Browning
7%
1065 Ben Toolis
7%
669 Bill Glen
7%
719 Brian Neill
7%
713 Cameron Boyle
7%
411 Dan Drysdale
7%
724 David Chisholm
7%
693 David Rollo
7%
615 David Rose
7%
731 David Whyte
7%
606 Donald Sloan
7%
547 Donny Innes
7%
783 Drew Gill
7%
28 Frederick Maxwell
7%
355 George Maxwell
7%
291 George Sanderson
7%
947 Graeme Beveridge
7%
1222 Gus Warr
7%
880 Ian Corcoran
7%
738 Ian McCrae
7%
37 James Sanderson
7%
466 Jerry Foster
7%
681 Jimmy Maxwell
7%
265 John Forbes
7%
47 John Kennedy Tod
7%
112 John Mowat
7%
1216 Johnny Matthews
7%
116 John Tod
7%
946 Jon Petrie
7%
487 Ken Fyfe
7%
1215 Ken Macaulay
7%
647 Ken Spence
7%
276 Louis Greig
7%
1121 Luke Crosbie
7%
1111 Oli Kebble
7%
729 Peter Stagg
7%
1016 Richie Vernon
7%
175 Robert Greig
7%
243 Robert Neill
7%
672 Robin Chisholm
7%
923 Shaun Longstaff
7%
282 Tennant Sloan
7%
354 Thomas Bowie
7%
1048 Tim Swinson
7%
1226 Will Hurd
7%
542 William Blackadder
7%
283 William Church
7%
649 William Cowie
7%
334 William Hutchison
7%
1060 Adam Ashe
4%
159 Adam Dalgleish
4%
573 Alastair Fisher
4%
511 Alastair McNeil
4%
301 Albert Wade
4%
126 Alexander Clay
4%
149 Alexander Malcolm
4%
143 Alfred Duke
4%
105 Andrew Philp
4%
365 Archibald Symington
4%
995 Ben MacDougall
4%
1132 Ben Vellacott
4%
465 Bill Agnew
4%
323 Borth Todd
4%
802 Brian Hegarty
4%
1088 Byron McGuigan
4%
347 Charlie Usher
4%
1052 Chris Fusaro
4%
791 Colin Fisher
4%
1083 Darryl Marfo
4%
1172 David Ashton
4%
331 David Bain
4%
557 David Deas
4%
181 David Fisher
4%
429 David MacMyn
4%
778 David Shedden
4%
964 Donnie Macfadyen
4%
498 Douglas Lowe
4%
784 Duncan Madsen
4%
1026 Ed Kalman
4%
216 Edward Spencer
4%
118 Ernest Roland
4%
691 Frans ten Bos
4%
42 Gilbert Heron
4%
742 Hamish Keith
4%
661 Hamish Kemp
4%
925 Hugh Gilmour
4%
690 Iain Laughland
4%
773 Ian Barnes
4%
810 Ian Lambie
4%
651 Ian Swan
4%
367 Jack Warren
4%
1148 Jake McNeil
4%
503 James Cotter
4%
478 James Forrest
4%
307 James Pearson
4%
1127 Javan Sebastian
4%
1181 Jeremy Macklin
4%
127 J. French
4%
630 Jim Greenwood
4%
434 Jimmie Ireland
4%
662 Jimmy Docherty
4%
410 Jimmy Tolmie
4%
366 Jock Wemyss
4%
211 Joe Mabon
4%
538 John Forrest
4%
628 John Fox
4%
739 John Frame
4%
612 John Hegarty
4%
273 John MacCallum
4%
351 John McDougall
4%
622 Ken Dalgleish
4%
1051 Kieran Low
4%
1015 Kyle Traynor
4%
497 Lindsay Lambie
4%
687 Malcolm Swan
4%
1189 Mark Moncrieff
4%
1013 Moray Low
4%
1090 Murray McCallum
4%
1082 Nick Grigg
4%
717 Pringle Fisher
4%
1151 Robert Cowe
4%
409 Ronald Warren
4%
1190 Ronnie Kirkpatrick
4%
1229 Ross McCann
4%
436 Roy Kinnear
4%
549 Sammy Sampson
4%
768 Stephen Turk
4%
686 Tremayne Rodd
4%
521 Vivian Weston
4%
250 Walter Forrest
4%
553 William Penman
4%
245 Willie Kyle
4%
753 Wilson Lauder
4%
1200 Alan Friell
0%
1217 Alec Hepburn
0%
202 Alec Timms
0%
643 Alec Valentine
0%
302 Alexander Angus
0%
258 Alexander Bisset
0%
249 Alexander Cairns
0%
284 Alexander Purves
0%
140 Alexander Woodrow
0%
238 Alex Frew
0%
1014 Alex Grove
0%
207 Alf Bucher
0%
236 Alfred Fell
0%
154 Alfred Methuen
0%
6 Andrew Colville
0%
973 Andrew Dall
0%
100 Andrew Don-Wauchope
0%
247 Andrew Drybrough
0%
482 Andrew Dykes
0%
237 Andrew Flett
0%
212 Andrew MacKinnon
0%
1211 Andy Dougall
0%
602 Arthur Dorward
0%
103 Augustus Grant-Asher
0%
1008 Ben Cairns
0%
490 Bertie Lorraine
0%
150 Bill Auld
0%
76 Bill Maclagan
0%
548 Bill Purdie
0%
666 Bill Relph
0%
462 Bobby Rowand
0%
508 Bob Grieve
0%
1201 Bob Haldane
0%
740 Bob Keddie
0%
701 Brian Shillinglaw
0%
939 Cameron Mather
0%
287 Campbell Geddes
0%
316 Cecil Abercrombie
0%
24 Charles Cathcart
0%
255 Charles France
0%
507 Charles Grieve
0%
383 Charles Nimmo
0%
65 Charles Villar
0%
745 Charlie Hodgson
0%
1164 Charlie Wilhelm
0%
528 Christian Melville
0%
298 Colin Gilray
0%
1152 Colin McLay
0%
1081 Cornell du Preez
0%
578 Dallas Allardice
0%
1072 Damien Hoyland
0%
8 Daniel Drew
0%
577 Dave Valentine
0%
224 David Bedell-Sivright
0%
399 David Bertram
0%
999 David Callam
0%
89 David Cassels
0%
110 David Kidston
0%
86 David McCowan
0%
83 David Somerville
0%
601 Dod Burrell
0%
583 Dod Lyall
0%
1198 Donald Maltman
0%
1053 Dougie Fife
0%
593 Doug Keller
0%
219 Douglas Monypenny
0%
275 Douglas Schulze
0%
1159 Drew Barcroft
0%
678 Eddie McKeating
0%
84 Edward Ewart
0%
70 Edward Innes Pocock
0%
645 Edwin Henriksen
0%
356 Eric Loudoun-Shand
0%
314 Eric Milroy
0%
1165 Erik Arne Melling
0%
373 Ernest Fahmy
0%
248 Ernest Simson
0%
129 Flowerdew Macindoe
0%
16 Francis Moncreiff
0%
569 Frank Coutts
0%
226 Frank Fasson
0%
321 Frank Osler
0%
102 Fraser Gore
0%
160 Frederick Goodhue
0%
1194 Gary Isaac
0%
1177 Gary Waite
0%
295 Geoffrey Gowlland
0%
113 George Aitchison
0%
35 George Buchanan McClure
0%
556 George Cawkwell
0%
259 George Crabbie
0%
286 George Frew
0%
546 George Gallie
0%
525 George Horsburgh
0%
220 George Lamond
0%
350 George Ledingham
0%
377 George Pattullo
0%
93 George Robb
0%
371 Gerard Crole
0%
591 Gibbie Abercrombie
0%
439 Gordon Boyd
0%
504 Gordon Cottington
0%
790 Graham Birkett
0%
600 Grahame Budge
0%
637 Grant Weatherstone
0%
1042 Greig Tonks
0%
613 Hamish Inglis
0%
270 Harold McCowat
0%
444 Harry Greenlees
0%
221 Harry Rottenburg
0%
518 Harvey Druitt
0%
387 Hector Forsayth
0%
142 Henry Chambers
0%
186 Henry Gedge
0%
69 Henry Melville Napier
0%
177 Henry Menzies
0%
470 Henry Polson
0%
1035 Henry Pyrgos
0%
29 Henry Renny-Tailyour
0%
1158 Henry Uren
0%
246 Herbert Bullmore
0%
164 Herbert Leggatt
0%
1066 Hugh Blake
0%
663 Hugh Duffy
0%
1208 Hugh McHardy
0%
274 Hugh Monteith
0%
945 Iain Fullarton
0%
626 Ian Cordial
0%
611 Ian Coutts
0%
389 Ian Kilgour
0%
563 Ian Lumsden
0%
1169 Ian Murchie
0%
1202 Jack Shirley
0%
506 Jack Watherston
0%
534 Jake Borthwick
0%
381 Jake Selby
0%
179 James Bishop
0%
345 James Boyd
0%
60 James Carrick
0%
198 James Couper
0%
401 James Dykes
0%
174 James Gowans
0%
230 James Greenlees
0%
25 James Howe McClure
0%
368 James Huggan
0%
157 James McKendrick
0%
15 James Mein
0%
303 James Tennent
0%
106 James Veitch
0%
172 James Woodburn
0%
1117 Jamie Hodgson
0%
1173 Jim Carswell
0%
636 Jim Inglis
0%
317 Jimmy Dobson
0%
223 Jimmy Gillespie
0%
1146 Jimmy Maltman
0%
694 Jim Shackleton
0%
1157 Jock McClure
0%
780 Jock Millican
0%
696 Joe McPartlin
0%
244 John Bedell-Sivright
0%
151 John Boswell
0%
710 John Brash
0%
225 John Crabbie
0%
505 John Crawford
0%
256 John Dallas
0%
332 John Dobson
0%
209 John Dykes
0%
449 John Goodfellow
0%
62 John Junor
0%
252 John Knox
0%
598 John Macphail
0%
395 John McCrow
0%
280 John Scoular
0%
281 John Simson
0%
357 John Sweet
0%
695 Keith Bearne
0%
560 Keith Geddes
0%
1209 Ken Trotter
0%
1186 Kevin Rafferty
0%
971 Kevin Utterson
0%
658 Kim Elgie
0%
592 Laurie Gloag
0%
22 Leslie Balfour-Melville
0%
388 Leslie Gracie
0%
73 Louis Auldjo
0%
288 Louis Speirs
0%
1123 Marshall Sykes
0%
1010 Matt Mustchin
0%
1067 Michael Cusack
0%
59 Nat Brewis
0%
1193 Nick Grecian
0%
1108 Nick Haining
0%
631 Norman Munnoch
0%
730 Norm Suddon
0%
119 Pat Harrower
0%
125 Patrick Wauchope
0%
94 Pat Smeaton
0%
163 Paul Clauss
0%
634 Percy Friebe
0%
31 Peter Anton
0%
442 Peter Douty
0%
494 Peter Gedge
0%
582 Peter Hepburn
0%
594 Peter Kininmonth
0%
1046 Peter Murchie
0%
1089 Phil Burleigh
0%
461 Reginald Langrish
0%
805 Richard Breakey
0%
79 Robert Ainslie
0%
533 Robert Dryden
0%
374 Robert Gallie
0%
240 Robert Stronach
0%
522 Robert Whitworth
0%
667 Robin Charters
0%
1175 Rob Moffat
0%
765 Ronald Hannah
0%
362 Ronald Scobie
0%
335 Ronald Simson
0%
996 Sam Pinder
0%
424 Sandy Gillies
0%
338 Sandy Gunn
0%
689 Stanley Coughtrie
0%
588 Stewart Coltman
0%
968 Stuart Moffat
0%
96 Thomas Ainslie
0%
91 Thomas Begbie
0%
479 Thomas Lawther
0%
72 Thomas Torrie
0%
1180 Tim Exeter
0%
457 Tom Aitchison
0%
536 Tom Dorward
0%
1036 Tom Heathcote
0%
564 Tom McGlashan
0%
676 Tommy McClung
0%
978 Tom Philip
0%
1033 Tom Ryder
0%
38 Tom Whittington
0%
535 Wilf Crawford
0%
435 William Berkley
0%
58 William Bolton
0%
173 William Cownie
0%
408 William Dobson
0%
460 William Emslie
0%
1153 William Gibson Biggart
0%
43 William Hamilton Kidston
0%
128 William Holms
0%
526 William Inglis
0%
304 William Lely
0%
12 William Lyall
0%
81 William Masters
0%
512 William Murdoch
0%
99 William Peterkin
0%
342 William Purves
0%
446 William Roughead
0%
714 William Watherston
0%
168 William Wotherspoon
0%
544 Willie Brydon
0%
No matching quizzes found
Score Distribution
Percent of People with Each Score
Percentile by Number Answered
Your Score History
You have not taken this quiz